Doctor Faustus / (Record no. 24397)
[ view plain ]
| 000 -LEADER | |
|---|---|
| fixed length control field | 01179nam a22003255a 4500 |
| 003 - CONTROL NUMBER IDENTIFIER | |
| control field | EG-ScBUE |
| 005 - DATE AND TIME OF LATEST TRANSACTION | |
| control field | 20210309101621.0 |
| 008 - FIXED-LENGTH DATA ELEMENTS--GENERAL INFORMATION | |
| fixed length control field | 170312n200u ua f bd 000 d eng d |
| 020 ## - INTERNATIONAL STANDARD BOOK NUMBER | |
| International Standard Book Number | 9770555541 |
| 020 ## - INTERNATIONAL STANDARD BOOK NUMBER | |
| International Standard Book Number | 9789770555545 |
| 040 ## - CATALOGING SOURCE | |
| Original cataloging agency | EG-ScBUE |
| Language of cataloging | eng |
| Description conventions | rda |
| Transcribing agency | EG-ScBUE |
| Modifying agency | EG-ScBUE |
| 082 04 - DEWEY DECIMAL CLASSIFICATION NUMBER | |
| Classification number | 822.3 |
| Item number | MAR |
| Edition number | 22 |
| 100 1# - MAIN ENTRY--PERSONAL NAME | |
| Personal name | Marlowe, Christopher, |
| Dates associated with a name | 1564-1593, |
| Relator term | author. |
| 9 (RLIN) | 24046 |
| 245 10 - TITLE STATEMENT | |
| Title | Doctor Faustus / |
| Statement of responsibility, etc | Christopher Marlowe ; introduced by Dr. Hana'a Hassanein, Faculty of Al-Alsun, Ain Shams University. |
| 264 #1 - PUBLICATION, DISTRIBUTION, ETC. (IMPRINT) | |
| Place of publication, distribution, etc | [Cairo] : |
| Name of publisher, distributor, etc | The Anglo-Egyptian Bookshop, |
| Date of publication, distribution, etc | [200-] |
| 300 ## - PHYSICAL DESCRIPTION | |
| Extent | 145 pages ; |
| Dimensions | 20 cm |
| 336 ## - CONTENT TYPE | |
| Source | rdacontent |
| Content type term | text |
| Content type code | txt |
| 337 ## - MEDIA TYPE | |
| Source | rdamedia |
| Media type term | unmediated |
| Media type code | n |
| 338 ## - CARRIER TYPE | |
| Source | rdacarrier |
| Carrier type term | volume |
| Carrier type code | nc |
| 500 ## - GENERAL NOTE | |
| General note | Includes glossary. |
| 504 ## - BIBLIOGRAPHY, ETC. NOTE | |
| Bibliography, etc | Includes bibliographical references.<br/> |
| 600 07 - SUBJECT ADDED ENTRY--PERSONAL NAME | |
| Personal name | Faust, |
| Dates associated with a name | -approximately 1540 |
| Form subdivision | Drama. |
| Source of heading or term | BUEsh |
| 650 #7 - SUBJECT ADDED ENTRY--TOPICAL TERM | |
| Topical term or geographic name as entry element | Magicians |
| Form subdivision | Drama. |
| Source of heading or term | BUEsh |
| 650 #7 - SUBJECT ADDED ENTRY--TOPICAL TERM | |
| Topical term or geographic name as entry element | Doctor Faustus (Marlowe, Christopher) |
| Form subdivision | Drama. |
| Source of heading or term | BUEsh |
| 9 (RLIN) | 37242 |
| 651 ## - SUBJECT ADDED ENTRY--GEOGRAPHIC NAME | |
| Source of heading or term | BUEsh |
| 653 ## - INDEX TERM--UNCONTROLLED | |
| Resource For college | Humanities: English |
| -- | Generalities |
| Arrived date list | March2017 |
| 655 ## - INDEX TERM--GENRE/FORM | |
| Form subdivision | Reading book |
| 9 (RLIN) | 34232 |
| 700 1# - ADDED ENTRY--PERSONAL NAME | |
| Personal name | Hassanein, Hana'a, |
| Relator term | author of introduction, etc. |
| 942 ## - ADDED ENTRY ELEMENTS (KOHA) | |
| Source of classification or shelving scheme | Dewey Decimal Classification |
| Koha item type | Book - Textbooks |
| Withdrawn status | Lost status | Source of classification or shelving scheme | Damaged status | Not for loan | Collection code | Home library | Current library | Shelving location | Date acquired | Source of acquisition | Total Checkouts | Total Renewals | Full call number | Barcode | Date last seen | Date checked out | Koha item type | Price effective from |
|---|---|---|---|---|---|---|---|---|---|---|---|---|---|---|---|---|---|---|
| Dewey Decimal Classification | Baccah | Central Library | Central Library | Second Floor | 12/03/2017 | Purchase | 1 | 1 | 822.3 MAR | 000041327 | 15/07/2025 | 26/02/2018 | Book - Borrowing | |||||
| Dewey Decimal Classification | Baccah | Central Library | Central Library | Second Floor | 12/03/2017 | Purchase | 1 | 2 | 822.3 MAR | 000041317 | 15/07/2025 | 18/02/2018 | NB - Book (Non borrowing) | |||||
| Dewey Decimal Classification | Baccah | Central Library | Central Library | Second Floor | 12/03/2017 | Purchase | 2 | 822.3 MAR | 000041316 | 15/07/2025 | 25/02/2018 | Book - Borrowing | ||||||
| Dewey Decimal Classification | Baccah | Central Library | Central Library | Second Floor | 05/03/2018 | Purchase | 822.3 MAR | 000043034 | 15/07/2025 | NB - Book (Non borrowing) | 05/03/2018 | |||||||
| Dewey Decimal Classification | Baccah | Central Library | Central Library | Second Floor | 05/03/2018 | Purchase | 822.3 MAR | 000043035 | 15/07/2025 | Book - Borrowing | 05/03/2018 | |||||||
| Dewey Decimal Classification | Baccah | Central Library | Central Library | Second Floor | 05/03/2018 | Purchase | 822.3 MAR | 000043036 | 15/07/2025 | Book - Borrowing | 05/03/2018 |